[Event "76539 IV. Rakosmente Open"]
[Site "Budapest, Hungary"]
[Date "2013.02.08"]
[Round "1.1"]
[White "Mihok, Laszlo"]
[Black "Kaloczi, Kristof"]
[Result "1-0"]
[WhiteElo "2168"]
[BlackElo "1535"]
[PlyCount "65"]
[EventDate "2013.02.08"]

1. Nf3 Nf6 2. g3 g6 3. b3 Bg7 4. Bb2 O-O 5. Bg2 d5 6. c4 c6 7. O-O Qc7 8. d3
Nbd7 9. Nc3 Nb6 10. a4 a5 11. Qc2 Rd8 12. e3 Bg4 13. h3 Bxf3 14. Bxf3 Rac8 15.
Ne2 Nbd7 16. Bg2 dxc4 17. bxc4 Nc5 18. Rfd1 Na6 19. Qb3 Ne8 20. d4 Nd6 21. Rac1
b6 22. Ba3 Rb8 23. Nc3 Nc8 24. Qb1 Na7 25. Nb5 cxb5 26. cxb5 Qd7 27. bxa6 Qxa4
28. Bxe7 Rd7 29. Bg5 b5 30. Bf4 Rbd8 31. Bb7 b4 32. Bc7 Rd6 33. Qa1 1-0

[Event "76539 IV. Rakosmente Open"]
[Site "Budapest, Hungary"]
[Date "2013.02.08"]
[Round "1.2"]
[White "Szabo, Mihaly"]
[Black "Kovacs, Marton"]
[Result "0-1"]
[WhiteElo "1532"]
[BlackElo "2149"]
[PlyCount "64"]
[EventDate "2013.02.08"]

1. Nf3 d5 2. d4 c5 3. g3 Nc6 4. c3 Nf6 5. Bg2 Bf5 6. O-O e6 7. Bg5 Be7 8. Bxf6
Bxf6 9. dxc5 e5 10. e3 a5 11. Na3 O-O 12. Nb5 Be7 13. Nd6 Bxd6 14. cxd6 Qxd6
15. Nh4 Be6 16. Nf3 Rfd8 17. Qc2 h6 18. Rfd1 Rac8 19. a3 Qc5 20. Rac1 Bg4 21.
Rd2 Qe7 22. h3 Bh5 23. Nh4 e4 24. Nf5 Qf6 25. Nd4 Ne5 26. Ne2 g5 27. g4 Bg6 28.
Ng3 Nd3 29. Rf1 Qe5 30. Ne2 b5 31. f4 exf3 32. Rxf3 Ne1 0-1

[Event "76539 IV. Rakosmente Open"]
[Site "Budapest, Hungary"]
[Date "2013.02.08"]
[Round "1.3"]
[White "Matuska, Miklos"]
[Black "Kovacsy, Barnabas"]
[Result "1-0"]
[WhiteElo "2149"]
[BlackElo "1521"]
[PlyCount "59"]
[EventDate "2013.02.08"]

1. Nf3 Nf6 2. c4 g6 3. Nc3 d5 4. cxd5 Nxd5 5. g3 Bg7 6. Bg2 O-O 7. O-O Nc6 8.
a3 Nb6 9. d3 a6 10. Be3 Bf5 11. Qd2 Re8 12. Rab1 Rb8 13. Rfc1 Na7 14. Ng5 Nac8
15. Nge4 c6 16. Nc5 Nd5 17. Bh6 Bd4 18. Nxd5 cxd5 19. Qb4 Bf6 20. Nxa6 Ra8 21.
Nc7 Nd6 22. Nxa8 Qxa8 23. Bxd5 Qb8 24. e4 Bd7 25. Bf4 e5 26. Be3 Be7 27. Bc5 b5
28. d4 exd4 29. Qxd4 Nc8 30. Bxf7+ 1-0

[Event "76539 IV. Rakosmente Open"]
[Site "Budapest, Hungary"]
[Date "2013.02.08"]
[Round "1.4"]
[White "Czumbel, Peter"]
[Black "Suranyi, Pal"]
[Result "0-1"]
[WhiteElo "1511"]
[BlackElo "2147"]
[PlyCount "134"]
[EventDate "2013.02.08"]

1. Nf3 c5 2. e3 Nf6 3. Be2 g6 4. d4 Bg7 5. Nbd2 cxd4 6. exd4 O-O 7. O-O b6 8.
b3 Bb7 9. Bb2 d6 10. c4 Nbd7 11. Qc2 Rc8 12. Rac1 b5 13. Qb1 bxc4 14. bxc4 Rb8
15. Nb3 Nb6 16. c5 Nbd5 17. Rfe1 Bc8 18. Bc4 a5 19. Bxd5 Nxd5 20. Qe4 e6 21.
Ba3 Nb4 22. Bxb4 Rxb4 23. Qe3 a4 24. Nbd2 dxc5 25. dxc5 Qd5 26. a3 Rb2 27. Red1
Qf5 28. Nd4 Qe5 29. Ne4 f5 30. Qc3 Ra2 31. Nd6 Qf4 32. f3 Qg5 33. Rc2 Rxc2 34.
Qxc2 Qe3+ 35. Qf2 Bxd4 36. Rxd4 Qc1+ 37. Qf1 Qxc5 38. Qd3 Ba6 39. Qd1 e5 40.
Nxf5 gxf5 41. Qe1 Qxd4+ 42. Kh1 Rd8 43. Qg3+ Kh8 44. h3 Qf4 45. Qe1 Qd4 46. Qg3
Qc5 47. Qg5 Rd1+ 48. Kh2 Qg1+ 49. Kg3 Qe1+ 50. Kh2 Rd6 51. Qxf5 Kg8 52. Qg5+
Kf7 53. Qh5+ Ke7 54. Qxh7+ Ke6 55. Qg6+ Kd5 56. Qf7+ Kc6 57. Qe8+ Kc5 58. Qxa4
Qd2 59. Qe8 Bb5 60. Qc8+ Kb6 61. Qb8+ Kc5 62. Qa7+ Kd5 63. Qb7+ Bc6 64. Qf7+
Kc5 65. Qa7+ Kc4 66. Qa6+ Bb5 67. Qc8+ Rc6 0-1

[Event "76539 IV. Rakosmente Open"]
[Site "Budapest, Hungary"]
[Date "2013.02.08"]
[Round "1.5"]
[White "Orosz, Andras"]
[Black "Makrai, Bence"]
[Result "1-0"]
[WhiteElo "2081"]
[BlackElo "1508"]
[PlyCount "31"]
[EventDate "2013.02.08"]

1. e4 e5 2. Nf3 Nc6 3. Bc4 Bc5 4. O-O Nf6 5. d4 exd4 6. e5 Ng4 7. Bf4 Na5 8.
Bxf7+ Kxf7 9. Ng5+ Kg8 10. Qxg4 d6 11. e6 Qf6 12. Re1 Nc6 13. Nd2 h6 14. Nge4
Qe7 15. Ng3 Kf8 16. Nf5 1-0

[Event "76539 IV. Rakosmente Open"]
[Site "Budapest, Hungary"]
[Date "2013.02.08"]
[Round "1.6"]
[White "Eros, Janos"]
[Black "Bohati, Tamas"]
[Result "0-1"]
[WhiteElo "1469"]
[BlackElo "2069"]
[PlyCount "68"]
[EventDate "2013.02.08"]

1. e4 e6 2. d4 d5 3. Nc3 Bb4 4. e5 c5 5. a3 Bxc3+ 6. bxc3 Qc7 7. Qg4 Ne7 8.
Qxg7 Rg8 9. Qxh7 cxd4 10. Bb5+ Bd7 11. Bxd7+ Nxd7 12. Qd3 Nxe5 13. Qxd4 Rg4 14.
Bf4 Rxf4 15. Qxf4 Nd3+ 16. cxd3 Qxf4 17. Ne2 Qf5 18. d4 O-O-O 19. h4 Rg8 20. g3
Ng6 21. Rc1 e5 22. Rg1 exd4 23. cxd4+ Kb8 24. Kd2 Re8 25. Rgf1 Ne7 26. Nf4 Nc6
27. Rc5 Nxd4 28. Rc3 Qg4 29. Re3 Nf3+ 30. Kd3 Qf5+ 31. Ke2 Nd4+ 32. Ke1 Qb1+
33. Kd2 Qc2+ 34. Ke1 Qc1# 0-1

[Event "76539 IV. Rakosmente Open"]
[Site "Budapest, Hungary"]
[Date "2013.02.08"]
[Round "1.7"]
[White "Uzonyi, David"]
[Black "Novak, Levente Peter"]
[Result "1-0"]
[WhiteElo "2060"]
[BlackElo "1456"]
[PlyCount "41"]
[EventDate "2013.02.08"]

1. e4 e5 2. d4 exd4 3. Qxd4 Nc6 4. Qe3 d6 5. Nc3 Nf6 6. Bd2 Be7 7. O-O-O Be6 8.
f4 g6 9. h3 Nh5 10. g4 Ng7 11. f5 Bd7 12. Nd5 a5 13. Kb1 Ne5 14. Bc3 f6 15.
Bxe5 fxe5 16. Nf3 Bc6 17. Qh6 Kf8 18. Nxe7 Qxe7 19. Ng5 Bd7 20. Bc4 Ke8 21. f6
1-0

[Event "76539 IV. Rakosmente Open"]
[Site "Budapest, Hungary"]
[Date "2013.02.08"]
[Round "1.8"]
[White "Forgacs, Andras"]
[Black "Andriska, Zsolt"]
[Result "0-1"]
[WhiteElo "1451"]
[BlackElo "2021"]
[PlyCount "72"]
[EventDate "2013.02.08"]

1. d4 d5 2. c4 e6 3. Nf3 f5 4. Nc3 c6 5. Bf4 Nf6 6. e3 Bd6 7. Bxd6 Qxd6 8. c5
Qe7 9. Be2 Nbd7 10. Qc2 O-O 11. O-O-O b6 12. cxb6 axb6 13. Kd2 Ne4+ 14. Ke1 c5
15. a3 c4 16. Nd2 Bb7 17. f4 Qh4+ 18. g3 Nxg3 19. Nf3 Qh6 20. Rg1 Ne4 21. Bf1
Ndf6 22. Nxe4 Nxe4 23. h4 Bc6 24. Qg2 c3 25. Bd3 cxb2 26. Qxb2 Ba4 27. Rc1 Rac8
28. Rxc8 Rxc8 29. Qxb6 Be8 30. Rxg7+ Qxg7 31. Qxe6+ Kf8 32. Qxf5+ Ke7 33. Qxd5
Qg3+ 34. Ke2 Qf2+ 35. Kd1 Qxf3+ 36. Be2 Ba4+ {37.Kc1 Ve3 38.Kb1 Hc3 39.Ka2 Vd2
40.Ka1 Vc1#} 0-1

[Event "76539 IV. Rakosmente Open"]
[Site "Budapest, Hungary"]
[Date "2013.02.08"]
[Round "1.9"]
[White "Yip, Michael"]
[Black "Toth, Viktor"]
[Result "1-0"]
[WhiteElo "2019"]
[BlackElo "1436"]
[PlyCount "71"]
[EventDate "2013.02.08"]

1. d4 d5 2. c4 dxc4 3. Nf3 Nf6 4. e3 Nc6 5. Bxc4 e5 6. O-O Bg4 7. Qb3 Qd7 8.
Nxe5 Nxe5 9. dxe5 Ng8 10. Qxb7 Qd8 11. Bb5+ Bd7 12. Bxd7+ Ke7 13. Qb4+ Kxd7 14.
Rd1+ Bd6 15. exd6 Nf6 16. dxc7+ Kxc7 17. Qc5+ Kb7 18. Rxd8 Rhxd8 19. Qb5+ Kc8
20. Qc6+ Kb8 21. Nc3 Rd7 22. e4 Rc7 23. Bf4 Ne8 24. Qxe8+ Kb7 25. Qxa8+ Kxa8
26. Bxc7 Kb7 27. Be5 g6 28. Bf6 Kc7 29. Rd1 Kc6 30. Rd5 h6 31. g4 a6 32. h4 h5
33. g5 a5 34. a4 Kb6 35. f4 Ka6 36. Rb5 1-0

[Event "76539 IV. Rakosmente Open"]
[Site "Budapest, Hungary"]
[Date "2013.02.08"]
[Round "1.10"]
[White "Ongut, Tamas Gunes"]
[Black "Bartuszek, Andras"]
[Result "0-1"]
[WhiteElo "1410"]
[BlackElo "1881"]
[PlyCount "76"]
[EventDate "2013.02.08"]

1. e4 c5 2. Nf3 d6 3. d4 cxd4 4. Nxd4 Nf6 5. Nc3 a6 6. Bc4 e6 7. Bg5 Be7 8. O-O
O-O 9. f4 Nc6 10. Nf3 Qb6+ 11. Kh1 Ng4 12. Bxe7 Nxe7 13. Qd4 Qxd4 14. Nxd4 Ne3
15. Bd3 Nxf1 16. Rxf1 b5 17. a3 Bb7 18. Nce2 Rac8 19. c3 d5 20. e5 g6 21. Rf3
Kg7 22. Rh3 Rc7 23. Kg1 Nc8 24. Nc1 Nb6 25. Bc2 Nc4 26. Nd3 Rfc8 27. Ne2 a5 28.
Bb3 Nd2 29. Nd4 Ba6 30. Re3 Ne4 31. Ne2 Nc5 32. Nxc5 Rxc5 33. Nd4 b4 34. axb4
axb4 35. cxb4 Rc1+ 36. Kf2 Rb1 37. b5 Rxb2+ 38. Kg3 Bb7 0-1

[Event "76539 IV. Rakosmente Open"]
[Site "Budapest, Hungary"]
[Date "2013.02.08"]
[Round "1.11"]
[White "Rajcsanyi, Peter"]
[Black "Kidd, Balint"]
[Result "1-0"]
[WhiteElo "1872"]
[BlackElo "1405"]
[PlyCount "142"]
[EventDate "2013.02.08"]

1. e4 c5 2. Nf3 d6 3. d4 cxd4 4. Nxd4 Nf6 5. Nc3 g6 6. Be3 Bg7 7. f3 O-O 8. Qd2
d5 9. e5 Nfd7 10. e6 Nc5 11. exf7+ Rxf7 12. O-O-O e5 13. Bg5 Bf6 14. Bxf6 Rxf6
15. Nb3 Nxb3+ 16. axb3 d4 17. Ne4 Rb6 18. Bc4+ Be6 19. Bxe6+ Rxe6 20. g4 Ra6
21. Qb4 Qc7 22. g5 Nc6 23. Qc4+ Kh8 24. Qc5 Rc8 25. Kd2 Ne7 26. Qxc7 Rxc7 27.
Ra1 Rac6 28. Rhc1 a6 29. c3 Rb6 30. b4 Nd5 31. Ra5 dxc3+ 32. bxc3 Rd7 33. Ke1
Nf4 34. Nc5 Nd3+ 35. Nxd3 Rxd3 36. Ke2 e4 37. fxe4 Rh3 38. Re5 Rxh2+ 39. Ke3
Kg8 40. Rf1 Rd6 41. Rd5 Rh3+ 42. Kd4 Rxd5+ 43. exd5 Rh4+ 44. Kc5 Re4 45. c4 b6+
46. Kxb6 Rxc4 47. Kxa6 Rxb4 48. d6 Rd4 49. Rf6 Kg7 50. Re6 Kf7 51. Rf6+ Ke8 52.
Kb6 Kd7 53. Kc5 Rd2 54. Rf7+ Ke6 55. Re7+ Kf5 56. Rxh7 Rc2+ 57. Kd5 Rd2+ 58.
Kc6 Rc2+ 59. Kd7 Ra2 60. Ke7 Ra7+ 61. d7 Ke5 62. Ke8 Ra8+ 63. d8=Q Rxd8+ 64.
Kxd8 Kf5 65. Ke7 Kxg5 66. Rg7 Kf5 67. Rf7+ Kg5 68. Ke6 Kh6 69. Kf6 Kh5 70. Rg7
Kg4 71. Rxg6+ Kf4 1-0

[Event "76539 IV. Rakosmente Open"]
[Site "Budapest, Hungary"]
[Date "2013.02.08"]
[Round "1.12"]
[White "Revesz, Hunor"]
[Black "Lakat, Gyula"]
[Result "0-1"]
[WhiteElo "1376"]
[BlackElo "1867"]
[PlyCount "92"]
[EventDate "2013.02.08"]

1. e4 c5 2. Nf3 Nc6 3. Bc4 e6 4. O-O d5 5. exd5 exd5 6. Be2 Nf6 7. Nc3 d4 8.
Nb5 a6 9. Na3 Be7 10. Re1 O-O 11. Nc4 Qc7 12. a4 Bf5 13. b3 Rae8 14. Bb2 b5 15.
axb5 axb5 16. Na3 b4 17. Nc4 h6 18. Ra6 Ra8 19. Rxa8 Rxa8 20. Nh4 Bh7 21. Bf3
Re8 22. Qa1 Bxc2 23. Qa4 Nd8 24. Ne5 g5 25. Ng4 Nd7 26. Nxh6+ Kh7 27. N4f5 Bxf5
28. Nxf5 Nf6 29. Qa6 Ne6 30. Qd3 Nf4 31. Qb1 Ng6 32. Qd3 g4 33. Bxg4 Nf4 34.
Qg3 N6d5 35. Bf3 Rg8 36. Rxe7 Qxe7 37. Nxe7 Rxg3 38. Nxd5 Rxf3 39. Nf6+ Kg6 40.
gxf3 Kxf6 41. h4 Nd3 42. Ba1 Nc1 43. Bb2 Nxb3 44. d3 Na5 45. Kg2 Nc6 46. Kg3
Ne5 0-1

[Event "76539 IV. Rakosmente Open"]
[Site "Budapest, Hungary"]
[Date "2013.02.08"]
[Round "1.13"]
[White "Palczert, Miklos Dr"]
[Black "Lakatos, Tamas"]
[Result "1/2-1/2"]
[WhiteElo "1823"]
[BlackElo "1371"]
[PlyCount "139"]
[EventDate "2013.02.08"]

1. e4 c6 2. Nf3 d5 3. exd5 cxd5 4. d4 Nc6 5. c4 e6 6. Nc3 Nf6 7. Bg5 Be7 8. Ne5
Qb6 9. Nb5 Nxe5 10. c5 Bxc5 11. dxc5 Qxc5 12. Rc1 Qb4+ 13. Bd2 Qe4+ 14. Be3 O-O
15. Qe2 Qb4+ 16. Rc3 Ne4 17. a3 Nxc3 18. Qd2 Nc4 19. axb4 Nxd2 20. Nc7 Nxf1 21.
Rxf1 Nb5 22. Nxb5 Bd7 23. Nxa7 e5 24. Bc5 Rfe8 25. Kd2 Re6 26. Ra1 b6 27. Be3
d4 28. Bg5 f6 29. Bh4 Re7 30. Ra3 Be8 31. Nb5 Rxa3 32. Nxa3 Rc7 33. f3 Ra7 34.
Bf2 Ra4 35. Nc2 Ra2 36. Kc1 d3 37. Na3 Ba4 38. Be3 Ra1+ 39. Kd2 Rd1+ 40. Kc3
Bc2 41. Bxb6 f5 42. b5 Kf7 43. Nc4 Ba4 44. b3 Bxb5 45. Nd6+ Ke6 46. Nxb5 Kd5
47. Be3 Kc6 48. Na3 Re1 49. Kxd3 Ra1 50. Nc4 Rb1 51. Nxe5+ Kd5 52. Kc2 Rh1 53.
Nd3 Rxh2 54. Bd2 g5 55. Ne1 g4 56. fxg4 fxg4 57. Kc3 h5 58. Kd3 h4 59. Bf4 Rh1
60. Ke2 h3 61. gxh3 Rxh3 62. Be3 Ke4 63. Ng2 Rg3 64. Kf2 Rf3+ 65. Kg1 Rxe3 66.
Nxe3 Kxe3 67. b4 Kd4 68. Kg2 Kc4 69. Kg3 Kxb4 70. Kxg4 1/2-1/2

[Event "76539 IV. Rakosmente Open"]
[Site "Budapest, Hungary"]
[Date "2013.02.08"]
[Round "1.14"]
[White "Chen, Xiao Hu"]
[Black "Fodor, Balazs"]
[Result "1/2-1/2"]
[WhiteElo "1323"]
[BlackElo "1802"]
[PlyCount "106"]
[EventDate "2013.02.08"]

1. e4 c6 2. d4 d5 3. exd5 cxd5 4. Bb5+ Bd7 5. Bxd7+ Nxd7 6. Nf3 Qc7 7. O-O e6
8. Be3 Rc8 9. c3 Ngf6 10. Nbd2 Bd6 11. Re1 h6 12. Rc1 b5 13. a4 a6 14. axb5
axb5 15. Ra1 O-O 16. Qe2 Qb7 17. Ra5 b4 18. Rc1 Rc6 19. Ne5 Rc7 20. Ndf3 Rfc8
21. Bd2 Nb6 22. Rca1 bxc3 23. Bxc3 Ne4 24. Ra7 Qb8 25. Rxc7 Qxc7 26. g3 Nxc3
27. bxc3 Qxc3 28. Ra6 Bxe5 29. Nxe5 Qxd4 30. Qh5 g6 31. Nxg6 Rc1+ 32. Kg2 Qe4+
33. Kh3 Qxg6 34. Qxg6+ fxg6 35. Rxb6 Kf7 36. f4 Rc2 37. Rb7+ Kf6 38. Rd7 Rd2
39. Rh7 h5 40. Rh8 d4 41. Rf8+ Ke7 42. Rg8 Kf7 43. Rd8 d3 44. Rd4 Kf6 45. Rd8
Kf5 46. Rf8+ Ke4 47. Re8 Kf3 48. Rxe6 Re2 49. Rxg6 d2 50. Rd6 Kf2 51. Kh4 Kf3
52. h3 Kg2 53. Rd3 Rf2 1/2-1/2

[Event "76539 IV. Rakosmente Open"]
[Site "Budapest, Hungary"]
[Date "2013.02.08"]
[Round "1.15"]
[White "Papp, Laszlo"]
[Black "Viola, Gellert"]
[Result "1-0"]
[WhiteElo "1787"]
[BlackElo "1285"]
[PlyCount "65"]
[EventDate "2013.02.08"]

1. d4 Nf6 2. c4 e5 3. dxe5 Ng4 4. Nf3 Nc6 5. Bd2 Bc5 6. e3 Ncxe5 7. Nxe5 Nxe5
8. Bc3 d6 9. Qd5 c6 10. Qe4 O-O 11. Be2 Re8 12. Qc2 Bd7 13. Nd2 Qc7 14. Ne4 Bb6
15. b4 a6 16. Rd1 Re6 17. c5 dxc5 18. bxc5 Ba7 19. Ng5 Rh6 20. Qb3 Be6 21. Qb2
Nc4 22. Qb4 a5 23. Nxe6 axb4 24. Nxc7 bxc3 25. Nxa8 Nd2 26. Nb6 Bxb6 27. cxb6
Rd6 28. Rc1 h6 29. Rxc3 Ne4 30. Rd3 Re6 31. Rd8+ Kh7 32. Bd3 Re7 33. Bxe4+ 1-0

[Event "76539 IV. Rakosmente Open"]
[Site "Budapest, Hungary"]
[Date "2013.02.08"]
[Round "1.16"]
[White "Palczert, Botond"]
[Black "Safar, Istvan"]
[Result "0-1"]
[WhiteElo "1275"]
[BlackElo "1723"]
[PlyCount "46"]
[EventDate "2013.02.08"]

1. e4 c5 2. Nf3 Nc6 3. d4 cxd4 4. Nxd4 d6 5. Nc3 Nf6 6. Be3 Bd7 7. Be2 g6 8.
Qd2 Bg7 9. a3 O-O 10. h4 h5 11. Nxc6 bxc6 12. Bh6 Qb6 13. Na4 Qc7 14. f3 d5 15.
O-O-O Rfd8 16. Bxg7 Kxg7 17. g4 dxe4 18. Qe3 exf3 19. Bxf3 Bxg4 20. Bxg4 Nxg4
21. Qc3+ Kg8 22. Rdg1 Qf4+ 23. Kb1 Qxa4 0-1

[Event "76539 IV. Rakosmente Open"]
[Site "Budapest, Hungary"]
[Date "2013.02.08"]
[Round "1.17"]
[White "Gazsovics, Bela"]
[Black "Karacsonyi, Kata"]
[Result "1-0"]
[WhiteElo "1715"]
[BlackElo "1266"]
[PlyCount "37"]
[EventDate "2013.02.08"]

1. f4 Nf6 2. Nf3 d5 3. e3 Bg4 4. b3 Nc6 5. Bb5 a6 6. Bxc6+ bxc6 7. Bb2 e6 8.
O-O Bc5 9. Qe1 O-O 10. Kh1 Re8 11. d3 Nh5 12. Nbd2 Bb4 13. c3 Be7 14. Ne5 Bh4
15. g3 Bh3 16. Rf3 Bf6 17. g4 Bxe5 18. Rxh3 d4 19. fxe5 1-0

[Event "76539 IV. Rakosmente Open"]
[Site "Budapest, Hungary"]
[Date "2013.02.09"]
[Round "2.1"]
[White "Bartuszek, Andras"]
[Black "Mihok, Laszlo"]
[Result "0-1"]
[WhiteElo "1881"]
[BlackElo "2168"]
[PlyCount "72"]
[EventDate "2013.??.??"]

1. e4 e5 2. Nf3 Nc6 3. Bb5 a6 4. Ba4 Nge7 5. c3 g6 6. d4 b5 7. Bb3 exd4 8. cxd4
Bg7 9. Bg5 O-O 10. Nc3 h6 11. Be3 d6 12. h3 Bb7 13. a3 Kh7 14. g4 Na5 15. Bc2
Nc4 16. Bc1 c5 17. O-O cxd4 18. Nxd4 Qb6 19. Nce2 d5 20. b3 Ne5 21. Be3 dxe4
22. Nf5 Nf3+ 23. Kh1 Qc7 24. Bf4 Be5 25. Bxe5 Qxe5 26. Qd6 gxf5 27. Qxe5 Nxe5
28. Kh2 fxg4 29. hxg4 Nxg4+ 30. Kh3 f5 31. Ng3 Rac8 32. Rac1 Ne5 33. f4 N5g6
34. Nh5 Rc3+ 35. Kh2 Rfc8 36. Bxe4 fxe4 0-1

[Event "76539 IV. Rakosmente Open"]
[Site "Budapest, Hungary"]
[Date "2013.02.09"]
[Round "2.2"]
[White "Kovacs, Marton"]
[Black "Rajcsanyi, Peter"]
[Result "1-0"]
[WhiteElo "2149"]
[BlackElo "1872"]
[PlyCount "89"]
[EventDate "2013.??.??"]

1. d4 Nf6 2. Nf3 d5 3. c4 e6 4. Nc3 Bb4 5. Qb3 Nc6 6. e3 O-O 7. Bd2 Bxc3 8.
Bxc3 Ne4 9. Bd3 Nxc3 10. Qxc3 Qe7 11. a3 a5 12. O-O a4 13. Rac1 Bd7 14. Rfe1 f5
15. Bb1 Qd6 16. Ba2 Rfc8 17. cxd5 exd5 18. e4 fxe4 19. Rxe4 Re8 20. Rh4 Re7 21.
Rh5 Be6 22. Re1 Bf7 23. Rxe7 Bxh5 24. Re3 Bxf3 25. Rxf3 Ne7 26. Bb1 c6 27. h4
Rf8 28. Qd3 g6 29. h5 Rxf3 30. Qxf3 Qe6 31. hxg6 hxg6 32. Qe3 Kf7 33. Bc2 Qxe3
34. fxe3 b5 35. e4 dxe4 36. Bxe4 Kf6 37. Kf2 Kg5 38. Kf3 Kf6 39. Kf4 Nd5+ 40.
Bxd5 cxd5 41. Kg4 Ke6 42. Kg5 Kf7 43. Kh6 Kf6 44. g4 Kf7 45. g5 1-0

[Event "76539 IV. Rakosmente Open"]
[Site "Budapest, Hungary"]
[Date "2013.02.09"]
[Round "2.3"]
[White "Lakat, Gyula"]
[Black "Matuska, Miklos"]
[Result "1/2-1/2"]
[WhiteElo "1867"]
[BlackElo "2149"]
[PlyCount "50"]
[EventDate "2013.??.??"]

1. e4 d6 2. d4 Nf6 3. Nc3 g6 4. h3 Bg7 5. Nf3 O-O 6. Be3 a6 7. a4 b6 8. Qd2 Bb7
9. Bd3 Re8 10. Bh6 Bh8 11. O-O Nbd7 12. Rfe1 c5 13. d5 Qc7 14. Bc4 Ne5 15. Nxe5
dxe5 16. Rad1 Red8 17. Qe3 Bg7 18. Rd3 Ne8 19. Bxg7 Kxg7 20. Qg3 f6 21. h4 Nd6
22. b3 Bc8 23. Rde3 Bd7 24. Be2 f5 25. f4 fxe4 1/2-1/2

[Event "76539 IV. Rakosmente Open"]
[Site "Budapest, Hungary"]
[Date "2013.02.09"]
[Round "2.4"]
[White "Suranyi, Pal"]
[Black "Papp, Laszlo"]
[Result "1-0"]
[WhiteElo "2147"]
[BlackElo "1787"]
[PlyCount "72"]
[EventDate "2013.??.??"]

1. d4 Nf6 2. Nf3 g6 3. g3 Bg7 4. Bg2 O-O 5. c4 d5 6. cxd5 Nxd5 7. O-O c6 8. e4
Nb6 9. h3 N8d7 10. Qc2 Qc7 11. a4 a5 12. b4 Nf6 13. b5 Bd7 14. Bf4 Qd8 15. Nbd2
Nh5 16. Be3 cxb5 17. axb5 Qc8 18. Qd3 Bxh3 19. Rac1 Qd7 20. d5 Bxg2 21. Kxg2
Nc8 22. b6 Nd6 23. Rc7 Qd8 24. e5 Ne8 25. Rc4 f5 26. Rh1 e6 27. d6 Qd7 28. Nb3
Qb5 29. Nc5 f4 30. Rxh5 gxh5 31. Ng5 Rf5 32. gxf4 Rxg5+ 33. fxg5 Bxe5 34. d7
Ng7 35. d8=Q+ Rxd8 36. Qxd8+ Kf7 1-0

[Event "76539 IV. Rakosmente Open"]
[Site "Budapest, Hungary"]
[Date "2013.02.09"]
[Round "2.5"]
[White "Safar, Istvan"]
[Black "Orosz, Andras"]
[Result "0-1"]
[WhiteElo "1723"]
[BlackElo "2081"]
[PlyCount "64"]
[EventDate "2013.??.??"]

1. e4 c5 2. Nf3 Nc6 3. c3 g6 4. d4 cxd4 5. cxd4 Bg7 6. Nc3 d6 7. h3 Nf6 8. Be3
O-O 9. Rb1 d5 10. e5 Ne4 11. Nxe4 dxe4 12. Ng5 Qa5+ 13. Bd2 Qxa2 14. Bc3 Qd5
15. Qa4 Qd8 16. Nxe4 Bf5 17. f3 Bxe4 18. fxe4 e6 19. h4 a6 20. Qd1 b5 21. b4
Qb6 22. Rh3 Rad8 23. Rd3 Rd7 24. Rb2 Rfd8 25. Rbd2 Bh6 26. d5 Bxd2+ 27. Qxd2
exd5 28. exd5 Nxe5 29. Bxe5 Re7 30. Re3 Rde8 31. Bd4 Rxe3+ 32. Bxe3 Qxe3+ 0-1

[Event "76539 IV. Rakosmente Open"]
[Site "Budapest, Hungary"]
[Date "2013.02.09"]
[Round "2.6"]
[White "Bohati, Tamas"]
[Black "Gazsovics, Bela"]
[Result "1-0"]
[WhiteElo "2069"]
[BlackElo "1715"]
[PlyCount "55"]
[EventDate "2013.??.??"]

1. d4 Nf6 2. c4 e5 3. dxe5 Ng4 4. Nf3 Bc5 5. e3 Nc6 6. Be2 Ngxe5 7. Nxe5 Nxe5
8. O-O d6 9. Nc3 a6 10. b3 O-O 11. Bb2 Be6 12. Ne4 Ba7 13. Qd2 f5 14. Nc3 Qh4
15. Nd5 Rf7 16. Nxc7 Rxc7 17. Qxd6 Re7 18. Bxe5 Rae8 19. Bg3 Qh6 20. Qb4 g5 21.
Bd6 Rf7 22. c5 g4 23. Bc4 Bxc4 24. Qxc4 Re4 25. Qd5 Qf6 26. Rad1 h5 27. Rd4 Re8
28. Rb4 1-0

[Event "76539 IV. Rakosmente Open"]
[Site "Budapest, Hungary"]
[Date "2013.02.09"]
[Round "2.7"]
[White "Muranyi, Geza"]
[Black "Uzonyi, David"]
[Result "0-1"]
[WhiteElo "1714"]
[BlackElo "2060"]
[PlyCount "58"]
[EventDate "2013.??.??"]

1. Nf3 d5 2. d4 Nf6 3. g3 c6 4. Bg2 e6 5. O-O Nbd7 6. c3 Bd6 7. Bg5 Qb6 8. Qc2
Ne4 9. Nbd2 f5 10. c4 Nxd2 11. Bxd2 Qd8 12. Rac1 Nf6 13. Bg5 O-O 14. c5 Be7 15.
b4 Qe8 16. Bxf6 Rxf6 17. e3 Qh5 18. a4 g5 19. Rfe1 Rh6 20. Qe2 f4 21. exf4 gxf4
22. Nh4 Qf7 23. Qg4+ Kh8 24. Qe2 e5 25. dxe5 Be6 26. Rcd1 Rg8 27. Rd4 Rxh4 28.
gxh4 Bh3 29. e6 Qg7 0-1

[Event "76539 IV. Rakosmente Open"]
[Site "Budapest, Hungary"]
[Date "2013.02.09"]
[Round "2.8"]
[White "Andriska, Zsolt"]
[Black "Karacsonyi, Gellert"]
[Result "1-0"]
[WhiteElo "2021"]
[BlackElo "1582"]
[PlyCount "33"]
[EventDate "2013.??.??"]

1. e4 e6 2. d4 d5 3. e5 c5 4. c3 Nc6 5. Nf3 Bd7 6. a3 Qc7 7. b4 cxd4 8. cxd4
Rc8 9. Be3 Nge7 10. Bd3 Ng6 11. O-O Be7 12. Nbd2 Ngxe5 13. dxe5 Nxe5 14. Nxe5
Qxe5 15. Nf3 Qb8 16. Re1 e5 17. Nxe5 1-0

[Event "76539 IV. Rakosmente Open"]
[Site "Budapest, Hungary"]
[Date "2013.02.09"]
[Round "2.10"]
[White "Fodor, Balazs"]
[Black "Nemeth, Zoltan"]
[Result "1-0"]
[WhiteElo "1802"]
[BlackElo "1431"]
[PlyCount "73"]
[EventDate "2013.??.??"]

1. d4 d5 2. c4 Nf6 3. Nf3 e6 4. e3 Ne4 5. a3 c5 6. Bd3 Qa5+ 7. Bd2 Nxd2 8.
Nbxd2 Nc6 9. dxc5 Qxc5 10. Rc1 g6 11. b4 Qe7 12. Qb3 dxc4 13. Qc3 f6 14. Nxc4
Bg7 15. b5 Nd8 16. h4 f5 17. Nce5 O-O 18. Qb3 Nf7 19. Nxf7 Qxf7 20. Ng5 Qf6 21.
Bc4 Re8 22. O-O Kh8 23. Rfd1 h6 24. Nf3 Qe7 25. Qd3 Qf6 26. Qd6 Bf8 27. Qf4 Rd8
28. Ne5 g5 29. hxg5 hxg5 30. Qh2+ Kg7 31. Rxd8 Qxd8 32. Qh5 Qf6 33. f4 Bc5 34.
Kf2 gxf4 35. Rh1 Bxe3+ 36. Ke2 Qxe5 37. Qh8+ 1-0

[Event "76539 IV. Rakosmente Open"]
[Site "Budapest, Hungary"]
[Date "2013.02.09"]
[Round "2.11"]
[White "Lakatos, Tamas"]
[Black "Diller, Kevin"]
[Result "0-1"]
[WhiteElo "1371"]
[BlackElo "1572"]
[PlyCount "114"]
[EventDate "2013.??.??"]

1. e4 e5 2. Nf3 Nc6 3. Bb5 Nf6 4. O-O Bc5 5. d3 d6 6. Nc3 h6 7. Nd5 O-O 8. a3
Bg4 9. b4 Bb6 10. Bxc6 bxc6 11. Nxb6 cxb6 12. c4 Nh7 13. h3 Bh5 14. a4 f5 15.
exf5 Rxf5 16. g4 Bxg4 17. hxg4 Rf6 18. Kg2 Rg6 19. Nh2 Qh4 20. Qf3 Rf8 21. Qg3
Qxg3+ 22. Kxg3 h5 23. f3 hxg4 24. Nxg4 Nf6 25. Bb2 Nh5+ 26. Kf2 Rxg4 27. Rh1
Rg5 28. b5 c5 29. a5 Nf4 30. Bc1 Nxd3+ 31. Ke2 Nxc1+ 32. Rhxc1 Rgf5 33. Rf1 Rf4
34. axb6 axb6 35. Rac1 Ra8 36. Rc2 Rh4 37. Rd1 Rh2+ 38. Kd3 Ra3+ 39. Rc3 Rxc3+
40. Kxc3 Rh6 41. Kd3 Rf6 42. Ke4 Rf4+ 43. Ke3 Rd4 44. Rc1 Kf7 45. Rc2 Kf6 46.
Rc1 Kf5 47. Rc2 g5 48. Rc1 e4 49. fxe4+ Rxe4+ 50. Kf2 Rd4 51. Rc3 Ke5 52. Kf3
Rh4 53. Ke2 Rh2+ 54. Kd1 Rh1+ 55. Ke2 Rh2+ 56. Kf1 Kd4 57. Rg3 Kxc4 0-1

[Event "76539 IV. Rakosmente Open"]
[Site "Budapest, Hungary"]
[Date "2013.02.09"]
[Round "2.12"]
[White "Diller, Denis"]
[Black "Chen, Xiao Hu"]
[Result "1-0"]
[WhiteElo "1558"]
[BlackElo "1323"]
[PlyCount "67"]
[EventDate "2013.??.??"]

1. d4 Nf6 2. c4 g6 3. Nc3 Bg7 4. e4 d6 5. f3 O-O 6. Be3 c5 7. d5 e5 8. g4 Na6
9. h4 h5 10. g5 Nd7 11. Bh3 Rb8 12. Nge2 Nc7 13. a4 a6 14. f4 exf4 15. Bxf4 Ne5
16. Bxe5 Bxe5 17. Qd3 Bxh3 18. Rxh3 Qd7 19. Kd2 b5 20. cxb5 axb5 21. a5 b4 22.
Na4 Rb5 23. Nb6 Qg4 24. Rg1 Bf4+ 25. Ke1 Qxg1+ 26. Nxg1 Rxa5 27. Nf3 Ra2 28.
Qb3 Ra1+ 29. Ke2 Nb5 30. Qd3 Re8 31. Nd7 Ra2 32. Nf6+ Kf8 33. Qb3 Rxe4+ 34.
Nxe4 1-0